Report of the Committee to Reassess the Demand for Hard Coke (Record no. 489882)

000 -LEADER
fixed length control field 00491cam a22001337a 4500
008 - FIXED-LENGTH DATA ELEMENTS--GENERAL INFORMATION
fixed length control field 180718b1962 xxu||||| |||| 00| 0 eng d
082 ## - DEWEY DECIMAL CLASSIFICATION NUMBER
Classification number Y261x54 In2r
100 ## - MAIN ENTRY--PERSONAL NAME
Personal name India. Committee to Reassess the Demand for Hard Coke
245 ## - TITLE STATEMENT
Title Report of the Committee to Reassess the Demand for Hard Coke
Statement of responsibility, etc. by Committee to Reassess the Demand for Hard Coke
260 ## - PUBLICATION, DISTRIBUTION, ETC.
Place of publication, distribution, etc. Delhi
Name of publisher, distributor, etc. The Manager of Publications
Date of publication, distribution, etc. 1962
300 ## - PHYSICAL DESCRIPTION
Extent 63+p.
500 ## - GENERAL NOTE
General note Chairman: P.M. Nayak
700 ## - ADDED ENTRY--PERSONAL NAME
Personal name Nayak, P.M. (Chairman)
Holdings
Withdrawn status Lost status Damaged status Not for loan Permanent Location Current Location Date acquired Full call number Barcode Date last seen Price effective from Koha item type
        Indian Institute of Public Administration Indian Institute of Public Administration 2018-08-04 Y261x54 In2r G1312 2018-08-04 2018-08-04 G
        Indian Institute of Public Administration Indian Institute of Public Administration 2018-08-04 Y261x54 In2r G1097 2018-08-04 2018-08-04 G

Powered by Koha